000 01066nam a2200301 a 4500
001 BRCA_6004
005 20190320205309.0
008 310311m19031905enka######---#000-0#eng-#
041 _aeng
044 _aenk
050 4 _aND35
_b.B79 1903
100 1 _aBryan, Michael
_d1757-1821.
_915162
245 1 0 _aBryan´s dictionary of painters and engravers
_crevised and enlarged under the supervision of George C. Williamson.
250 _a4
260 _aLondres
_bG. Bell
_c1903-1905
300 _a5 v.
_bil., 492 láminas
_c27 cm.
500 _aEdición con cantos dorados
500 _aDiccionario inventariado por Banco de México como libro
500 _aG114
505 0 _aContenido: v.1. A-C, 1903. -- v.2. D-G, 1903. -- v.3. H-M, 1904. -- v.4. N-R, 1904. -- v.5. S-Z, 1905
650 1 4 _aPintores
_vDiccionarios
_915163
650 1 4 _aGrabadores
_vDiccionarios
_915164
650 1 4 _aPintores
_vBiografías
_915165
650 1 4 _aGrabadores
_vBiografías
_915166
700 1 _aWilliamson, George Charles
_d1858-1942
_915167
902 _aGFM
942 _2lcc
_cB
999 _c5693
_d5693